000 00621nam a22001937a 4500
003 0
005 20250917105923.0
008 241112b xxu||||| |||| 00| 0 eng d
020 _a978-0-7460-6049-0
050 _aTR(PS
_bC196 2019
082 _aTR(PS
_bC196 2019
100 _aAmery, Heather
245 _aCamping out
_cHeather Amery; illustrated by Stephen Cartwright.
260 _aSaffron Hills, London :
_bUsborne Publishing Ltd,
_cc2019.
300 _a16 unnumbered pages :
_bcol. ill. ;
_c21 cm.
650 _aChildren's stories Pictorial works
700 _aCartwright, Stephen,
_eillustrator.
942 _2ddc
_cBK
999 _c366682
_d366682